| 000 | 00941nam a2200265 a 4500 | ||
|---|---|---|---|
| 001 | 67111 | ||
| 003 | BD-RjUL | ||
| 005 | 20211209081621.0 | ||
| 008 | 170322s1984 ne a b 001 0 eng | ||
| 020 |
_a044442301X (U.S.) : _cfl 180.00 (est.) |
||
| 035 | _a(BD-RjUL)67242 | ||
| 040 |
_aDLC _cDLC _dBD-RjUL _beng |
||
| 041 | _aeng | ||
| 082 | 0 | 0 |
_a639.3 _223 _bBIO 1984 |
| 245 | 1 | 0 |
_aBioeconomics of aquaculture / _cP. Geoffrey Allen ... [et al.]. |
| 260 |
_aNew York : _aNew York, N.Y. : _bDistributors for the U.S. and Canada, Elsevier Science Pub. Co., _cc1984. |
||
| 300 |
_axvi, 351 p. : _bill. ; _c25 cm. |
||
| 500 | _aIncludes indexes. | ||
| 504 | _aBibliography: p. 323-339. | ||
| 650 | 0 |
_aAquaculture. _9198801 |
|
| 650 | 0 |
_aAquaculture _xEconomic aspects. _9198802 |
|
| 700 | 1 |
_aAllen, P. Geoffrey _q(Philip Geoffrey), _d1942- _9198803 |
|
| 942 |
_2ddc _cBK |
||
| 999 |
_c67111 _d67111 |
||